LIBRARY & INFORMATION CENTRE, KCAET, TAVANUR

ONLINE PUBLIC ACCESS CATALOGUE (OPAC)

Groundwater hydrology / (Record no. 15460)

MARC details
000 -LEADER
fixed length control field 00335nam a22001457a 4500
020 ## - INTERNATIONAL STANDARD BOOK NUMBER
ISBN 9788126530038
082 ## - DEWEY DECIMAL CLASSIFICATION NUMBER
Classification number 551.49
Item number TOD/GR
100 ## - MAIN ENTRY--AUTHOR NAME
Personal name Tod ,david K.
245 ## - TITLE STATEMENT
Title Groundwater hydrology /
250 ## - EDITION STATEMENT
Edition statement 3 ed.
260 ## - PUBLICATION, DISTRIBUTION, ETC. (IMPRINT)
Place of publication Hoboken ;
Name of publisher Wiley .
Year of publication 2005.
300 ## - PHYSICAL DESCRIPTION
Number of Pages 611 p.
700 ## - ADDED ENTRY--PERSONAL NAME
Personal name Mays ,larry W.
942 ## - ADDED ENTRY ELEMENTS (KOHA)
Koha item type Books
Holdings
Withdrawn status Lost status Damaged status Home library Current library Date acquired Cost, normal purchase price Full call number Accession Number Koha item type
      KAUAET KAUAET 21/06/2018 1195.00 551.49 TOD/GR 25466 Books
      KAUAET KAUAET 21/06/2018 1195.00 551.49 TOD/GR 25467 Books
      KAUAET KAUAET 21/06/2018 1195.00 551.49 TOD/GR 25465 Books
free website counter